| 000 | 00783nam a2200325Ia 4500 | ||
|---|---|---|---|
| 001 | 13150 | ||
| 005 | 20240113235431.0 | ||
| 007 | ta | ||
| 008 | 051031s1989 a g b000 u asm u | ||
| 040 | _aCotton College,Assam | ||
| 041 | _aasm | ||
| 082 |
_a891.411 _bMa 278 Ro |
||
| 100 | _aMahanta, Swadhinata . | ||
| 245 | 0 |
_aRad Jilmil / _cSwadhinata Mahanta. _hTextual Documents |
|
| 250 | _a1st ed. / | ||
| 260 |
_aTezpur : _bMastak , _c1989. |
||
| 300 |
_a18p. : _bill ; _c22cm . |
||
| 653 | _aAssamese Poetry-Collections | ||
| 653 | _aG-Assamese | ||
| 942 |
_2ddc _cBK |
||
| 999 |
_c13136 _d13136 |
||